000
00224nam a22000857a 4500
008
160831b xxu||||| |||| 00| 0 eng d
100
_9
273
_a
Pradhan V
245
_a
The Mickman's Cow
260
_a
New Delhi
_b
Children Book Trust
_c
2007
999
_c
2931
_d
2931